[Event "Joacaba op 2nd"]
[Site "Joacaba"]
[Date "2023.07.02"]
[Round "5"]
[White "Emmerich, Maria Isabel"]
[Black "Paz, Enri Luan"]
[Result "0-1"]
[WhiteElo "1658"]
[BlackElo "1750"]
[PlyCount "70"]
[EventDate "2023.06.30"]
[EventType "swiss"]
[EventRounds "6"]
[EventCountry "BRA"]
[SourceTitle "CBM 215 Extra"]
[Source "ChessBase"]
[SourceDate "2023.09.30"]
[SourceVersion "1"]
[SourceVersionDate "2023.09.30"]
[SourceQuality "1"]

1. e4 d6 2. Nf3 c6 3. Nc3 e6 4. Bc4 Ne7 5. 0-0 d5 6. exd5 cxd5 7. Bb5+ Bd7 8. d3 a6 9. Ba4 Bxa4 10. Nxa4 b5 11. Nc3 d4 12. Ne4 Nbc6 13. Bf4 Ng6 14. Bg5 Be7 15. Bxe7 Qxe7 16. Qe1 0-0 17. a4 Rad8 18. axb5 axb5 19. Ra6 Nb4 20. Rb6 Nxc2 21. Qd2 Rc8 22. Rxb5 Qd7 23. Rb3 f5 24. Neg5 h6 25. Nh3 Qd5 26. Qd1 Qxb3 27. Qe1 Rfe8 28. Qd2 Qxb2 29. Nf4 Nxf4 30. Qxf4 Qb8 31. Qh4 Rc3 32. Nxd4 Nxd4 33. Qxd4 Rec8 34. h3 Rc1 35. Rxc1 Rxc1# 0-1